banner koha

Sudeste quer exportar cachaça (Registro n. 327840)

MARC details
000 -LÍDER
fixed length control field 00913nab a2200289 4500
003 - CÓDIGO MARC DA AGÊNCIA CATALOGADORA
Campo de controle BR-BrBNA
005 - DATA E HORA DA ÚLTIMA ATUALIZAÇÃO
Campo de controle 20240926120128.0
008 - CAMPO DE TAMANHO FIXO
fixed length control field 240926b bl.||||| |||| 00| 0 por d
040 ## - FONTE DA CATALOGAÇÃO
Agência catalogadora BR-BrBNA
Idioma da catalogação por
072 ## - CATEGORIA AGRIS
Código AGRIS Q02 ; E40 ; E71
Código do objeto 9924
100 ## - ENTRADA PRINCIPAL - NOME PESSOAL
Nome pessoal Oliveira, Antônio
245 ## - TÍTULO PRINCIPAL
Título principal Sudeste quer exportar cachaça
Subtítulo "Marvada"
500 ## - NOTA GERAL
Nota geral 2 illus.
942 ## - ADDED ENTRY ELEMENTS (KOHA)
Koha item type Analítica
650 ## - ASSUNTO - THESAGRO
Cabeçalho tópico ou nome geográfico CACHAÇA
650 ## - ASSUNTO - THESAGRO
Cabeçalho tópico ou nome geográfico BEBIDA ALCOÓLICA
650 ## - ASSUNTO - THESAGRO
Cabeçalho tópico ou nome geográfico CANA DE AÇÚCAR
650 ## - ASSUNTO - THESAGRO
Cabeçalho tópico ou nome geográfico ENGENHO
650 ## - ASSUNTO - THESAGRO
Cabeçalho tópico ou nome geográfico ALAMBIQUE
650 ## - ASSUNTO - THESAGRO
Cabeçalho tópico ou nome geográfico COOPERATIVA DE PRODUTORES
650 ## - ASSUNTO - THESAGRO
Cabeçalho tópico ou nome geográfico VINHOTO
650 ## - ASSUNTO - THESAGRO
Cabeçalho tópico ou nome geográfico RESÍDUO INDUSTRIAL
650 ## - ASSUNTO - THESAGRO
Cabeçalho tópico ou nome geográfico EXPORTAÇÃO
650 ## - ASSUNTO - THESAGRO
Cabeçalho tópico ou nome geográfico TOCANTINS
773 0# - ENTRADA ANALÍTICA
Host Biblionumber 4604
Registro do item 317176
Imprenta Palmas - Tocantins Terranova Gráfica e Editora Jornalística Ltda 2005
Outro identificador 2024-3800
Título Cerrado Rural Agronegócios (Brazil)
ISSN 1980-2595
Colação v. 2(5) p. 32-33; (Dec 2004-Jan 2005)
Número de controle de registro BR2024002749

Nenhum exemplar disponível.

BINAGRI

Telefone: (61)3218-2567/2388/3357/2097 - binagri@agro.gov.br

Ministério da Agricultura e Pecuária , Esplanada dos Ministérios, Bloco D, Anexo B, Brasília/DF, CEP: 70.043-900